00292nam a2200121Ia 4500008004100000041000900041082001800050100001500068245003100083260004000114300000800154650000800162230718s9999 xx 000 0 und d aEng. a392.54bRAZ-P aRaza,Ahsan 0apunjab local gournment act aPakistanbCivil law publisherc2013 a102 aLaw